Beverage packaging - Argentina : September 2009.
| Format: | Book |
|---|---|
| Published: |
London:
Euromonitor International,
2009.
|
| Series: | Country market insight : September 2009
|
| Subjects: |
| LEADER | 00517cam a2200157 7i4500 | ||
|---|---|---|---|
| 001 | 0000024026 | ||
| 005 | 20091229090000.0 | ||
| 090 | 0 | 0 | |a ARGT 658.564 |b BEV |
| 245 | 0 | 0 | |a Beverage packaging - Argentina : |b September 2009. |
| 260 | 0 | 0 | |a London: |b Euromonitor International, |c 2009. |
| 300 | # | # | |a 30 p. |
| 440 | 0 | 0 | |a Country market insight : September 2009 |
| 650 | 0 | 0 | |a Beverage -- |x Packaging -- |z Argentina |
| 650 | 0 | 0 | |a Packaging -- |z Argentina |
| 651 | 0 | 0 | |a Argentina |
| 999 | |a B000025674 |b Book |c Countries |e Business Information Centre | ||